Nuevo rumbo ambiental (Registro nro. 4603)
[ vista simple ]
| 000 -Cabecera | |
|---|---|
| Campo de control de longitud fija | 00686aam a2200277 4500 |
| 005 - Fecha y hora de la última transacción | |
| Campo de control | 20231205162103.0 |
| 008 - Elementos de longitud fija--Información general | |
| Campo de control de longitud fija | 150414b2008 xxu||||| |||| 00| 0 spa d |
| 020 ## - International Standard Book Number | |
| Número Internacional Estándar del Libro (ISBN) | 9788495823977 |
| 041 ## - Idioma | |
| Código de idioma | Español |
| 082 ## - Clasificación Decimal Dewey | |
| Número de clasificación | 344.046 D492n |
| 100 ## - Entrada principal--Autor personal | |
| Nombre personal | Devia, Leila |
| 9 (RLIN) | 33642 |
| 245 ## - Título propiamente dicho | |
| Título | Nuevo rumbo ambiental |
| 260 ## - Pie de imprenta | |
| Lugar de publicación, distribución, etc. | Argentina |
| 260 ## - Pie de imprenta | |
| Nombre del editor, distribuidor, etc. | Cuidad Argentina |
| 260 ## - Pie de imprenta | |
| Fecha de publicación, distribución, etc. | 2008 |
| 300 ## - Descripción física | |
| Extensión | 434 páginas |
| 650 ## - Materia general | |
| Temática (materia general) | DERECHO AMBIENTAL |
| 650 ## - Materia general | |
| Temática (materia general) | MEDIO AMBIENTE |
| 650 ## - Materia general | |
| Temática (materia general) | PROTECCIÓN AMBIENTAL |
| 650 ## - Materia general | |
| Temática (materia general) | ESCENARIO AMBIENTAL |
| 650 ## - Materia general | |
| Temática (materia general) | DESARROLLO SOSTENIBLE |
| 650 ## - Materia general | |
| Temática (materia general) | GESTIÓN AMBIENTAL |
| 650 ## - Materia general | |
| Temática (materia general) | DAÑO AMBIENTAL |
| 942 ## - Punto de acceso adicional KOHA | |
| Tipo de ítem KOHA | Libro |
| Fuente del sistema de clasificación o colocación | Dewey Decimal Classification |
| Signatura completa | Código de barras | Tipo de ítem |
|---|---|---|
| 344.046 D492n | 13336 | Libro |